| 000 | 00354nam a2200145Ia 4500 | ||
|---|---|---|---|
| 008 | 191201s2008 xx 000 0 und d | ||
| 020 | _a9788190744812 | ||
| 082 |
_a005.43 _bSIT |
||
| 100 | _aSINGH, Jatinder | ||
| 245 | 0 | _aTextbook of Operating Systems | |
| 260 |
_aN.Delhi _bKhanna Publisher _c2008 |
||
| 300 | _a962 | ||
| 650 | _aMCA | ||
| 942 |
_2ddc _cBK |
||
| 999 |
_c3761 _d3761 |
||